000 00722nam a2200217 u 4500
001 000040490
005 20201002034150.0
008 090704s19uu dr r 000 0 spa d
040 _aDO-SdBNP
_bspa
_cBNPHU
082 _a174.9574
_bG633c
100 1 _aGómez Montero, Franklin
_99049
245 1 0 _aCuaderno de prácticas de bioética /Franklin Gómez Montero ; Héctor Antonio Madera Rosario.
250 _a2a. ed.
260 _aSanto Domingo :
_bBúho,
_c[199?].
300 _a46 p ;
_c29 cm.
500 _aIncluye datos biográficos de los autores en la contracubierta
650 4 _aBioética
_9236
650 4 _aCiencia de la vida
_99050
700 1 _aMadera Rosario, Héctor Antonio
_99051
049 _aEn proceso
999 _c39980
_d39980